Score 0/66 Timer 09:00
7 Plays Today
Country % Correct
Australia
93.3%
Austria
89.5%
Argentina
89.3%
Canada
86.2%
Afghanistan
84.6%
Algeria
83%
Albania
82.7%
France
82.4%
Japan
82.2%
Andorra
81.8%
Armenia
79.6%
Angola
78.4%
Spain
78.3%
Azerbaijan
78.2%
Brazil
76.8%
Panama
75.4%
Latvia
73.9%
Madagascar
72.9%
Pakistan
72.2%
Zambia
71.9%
Laos
70.7%
Bahamas
69.8%
Mali
69.5%
Jamaica
69.4%
Haiti
69.2%
Kazakhstan
69.2%
Paraguay
68.9%
Cambodia
68.7%
Bahrain
66.7%
Ghana
66.7%
Chad
66%
Vatican City
65.7%
Antigua and Barbuda
65.5%
Country % Correct
Malaysia
65.3%
Saudi Arabia
65.3%
Namibia
65.2%
Cameroon
64.9%
Thailand
64.5%
Malta
64.1%
Barbados
64.1%
Tanzania
63.9%
Bangladesh
63.7%
Qatar
62.2%
Gambia (The)
62.1%
Palau
61.9%
Mauritania
61.7%
Mauritius
61.2%
Tajikistan
61.1%
Rwanda
61.1%
San Marino
61.1%
Gabon
60.2%
Maldives
59.9%
Malawi
58.8%
Nauru
57.7%
Vanuatu
57.4%
Papua New Guinea
56.9%
Taiwan
56.5%
Saint Kitts and Nevis
56%
Saint Lucia
55.1%
Palestine
54.7%
Samoa
54.6%
Marshall Islands
54.3%
Saint Vincent & The Grenadines
53.4%
Cabo Verde
51.9%
São Tomé and Príncipe
49%
Myanmar *
41.7%
Come Together.
Have Fun.
All Virtual.
We all need to come together. Play Sporcle's virtual live trivia to have fun, connect with people, and get your trivia on. Join a live hosted trivia game for your favorite pub trivia experience done virtually. If a virtual private party is more your thing, go here for details.

You're not logged in!

Compare scores with friends on all Sporcle quizzes.
OR
Log In

Sporcle TV

Today on Sporcle TV


Watch our educational content, quiz creation guides, and fun videos on Sporcle TV.

Show Comments

Extras

Top Quizzes Today


Score Distribution

Paid Content

Your Account Isn't Verified!

In order to create a playlist on Sporcle, you need to verify the email address you used during registration. Go to your Sporcle Settings to finish the process.

Report this User

Report this user for behavior that violates our Community Guidelines.

Details: